000 00468nam a2200157Ia 4500
008 210716s1994 xx 000 0 und d
020 _a8120310489
041 _aeng
082 _a005.3 STEL
100 _aSterling, Leon; Shapiro, Ehud.
245 _aArt of prolog: advanced programming techniques.
_bAdvanced programming techniques.
250 _a2
260 _aNew Delhi
_bPrentice Hall of India PVt Ltd
_c1994
300 _axxii,509
650 _aPrograms(005.3)
999 _c183104
_d183104